Energy science : principles, technologies, and impacts

Αποθηκεύτηκε σε:
Λεπτομέρειες βιβλιογραφικής εγγραφής
Κύριοι συγγραφείς: Andrews, J. D. (John D.) 1957-, Jelly, Nick (Συγγραφέας)
Μορφή: Βιβλίο
Γλώσσα:English
Δημοσίευση: Oxford : Oxford University Press, c2013.
Έκδοση:2nd ed.
Θέματα:
Ετικέτες: Προσθήκη ετικέτας
Δεν υπάρχουν, Καταχωρήστε ετικέτα πρώτοι!

MARC

LEADER 00000nam a2200000 a 4500
001 1/111839
008 160913t2013####uk | ||| |||| ||eng||
020 |a 9780199592371   |q (χαρτόδετο)  
040 |a GR-MyUa  |b gre  |c GR-MyUa  |e AACR2 
041 0 |a eng 
082 7 |a 333.79   |2 (23)  
100 1 |a Andrews, J. D.  |c (John D.)  |d 1957- 
245 1 0 |a Energy science :   |b principles, technologies, and impacts /   |c John Andrews and Nick Jelly.  
250 |a 2nd ed.  
260 |a Oxford :   |b Oxford University Press,   |c c2013.  
300 |a xii, 412 σ. :   |b διαγρ., πίν. ;   |c 25 εκ.  
504 |a Περιλαμβάνει βιβλιογραφικές παραπομπές και ευρετήριο.  
650 0 |a Power resources 
700 1 |a Jelly, Nick,  |e aut 
852 |a INST  |b CHIOS  |c EUDOXUS  |e 20160913  |h 333.79 AND  |p 005200037209  |q 005200037209  |t BK  |y 0 
920 |a Εύδοξος  |b Παραγγελία  |y Χίος-ΤΝΕΥ  |z 2016-05 
970 |a Σπέντζα  |b Ελένη  |z 13-09-2016